000 00568nam a2200169Ia 4500
008 110201s9999 xx 000 0 und d
082 _bB8251
_aS 1396
100 _aप्रभावळकर दिलीप
245 _aएका खेळीयाने
260 _bअक्षर प्रकाशन
365 _b350
600 _aप्रभावळकर दिलीप
630 _aएका खेळीयाने
700 _aप्रभावळकर दिलीप
730 _aएका खेळीयाने
942 _cBOOK
999 _c833740
_d833737